000
00347nam a2200133Ia 4500
008
170221s9999 xx 000 0 und d
100
_a
Ciorstan J. Smark
245
_a
Editorial Volume 6 Issue 1
245
_c
Ciorstan J. Smark
260
_c
2012
300
_a
32 : 16
650
_x
Business
856
_u
http://ro.uow.edu.au/aabfj/vol6/iss1/9/
999
_c
311374
_d
311374